Machining impossible shapes : (Record no. 32707)

000 -LEADER
fixed length control field 01856cam a22003974a 4500
001 - CONTROL NUMBER
control field 4049126
003 - CONTROL NUMBER IDENTIFIER
control field OSt
005 - DATE AND TIME OF LATEST TRANSACTION
control field 20211216145820.0
008 - FIXED-LENGTH DATA ELEMENTS--GENERAL INFORMATION
fixed length control field 990419s1999 maua b 100 0 eng
010 ## - LIBRARY OF CONGRESS CONTROL NUMBER
LC control number 99030260
020 ## - INTERNATIONAL STANDARD BOOK NUMBER
International Standard Book Number 0412846802
038 ## - RECORD CONTENT LICENSOR
Staff Name Khadija
040 ## - CATALOGING SOURCE
Original cataloging agency DLC
Transcribing agency DLC
Modifying agency DLC
042 ## - AUTHENTICATION CODE
Authentication code pcc
050 00 - LIBRARY OF CONGRESS CALL NUMBER
Classification number TJ1180
Item number .I33 1998
082 00 - DEWEY DECIMAL CLASSIFICATION NUMBER
Classification number 671.35
Edition number 21
Author Mark MAC
100 ## - MAIN ENTRY--PERSONAL NAME
Personal name Olling, Gustav J.
9 (RLIN) 86771
111 2# - MAIN ENTRY--MEETING NAME
Meeting name or jurisdiction name as entry element IFIP TC5 WG5.3 International Conference on Sculptured Surface Machining
Date of meeting (1998 :
Location of meeting Auburn Hills, Mich.)
9 (RLIN) 86772
245 10 - TITLE STATEMENT
Title Machining impossible shapes :
Remainder of title IFIP TC5 WG5.3 International Conference on Sculptured Surfaces (SSM98), November 9-11, 1998, Chrysler Technology Center, Michigan, USA /
Statement of responsibility, etc. edited by Gustav J. Olling, Byoung K. Choi, Robert B. Jerard.
260 ## - PUBLICATION, DISTRIBUTION, ETC.
Place of publication, distribution, etc. Boston :
Name of publisher, distributor, etc. Kluwer Academic,
Date of publication, distribution, etc. 1999.
300 ## - PHYSICAL DESCRIPTION
Extent vii, 386 p. :
Other physical details ill. ;
Dimensions 24 cm.
490 1# - SERIES STATEMENT
Series statement International Federation for Information Processing ; 18
504 ## - BIBLIOGRAPHY, ETC. NOTE
Bibliography, etc. note Includes bibliographical references.
563 ## - BINDING INFORMATION
Binding note HB
650 #0 - SUBJECT ADDED ENTRY--TOPICAL TERM
Topical term or geographic name entry element Machining
Form subdivision Congresses.
9 (RLIN) 86773
650 #0 - SUBJECT ADDED ENTRY--TOPICAL TERM
Topical term or geographic name entry element Machine-tools
General subdivision Numerical control
Form subdivision Congresses.
9 (RLIN) 86774
700 1# - ADDED ENTRY--PERSONAL NAME
Personal name Olling, G.
9 (RLIN) 86775
700 1# - ADDED ENTRY--PERSONAL NAME
Personal name Choi, Byoung K.
9 (RLIN) 86776
700 1# - ADDED ENTRY--PERSONAL NAME
Personal name Jerard, Robert B.
9 (RLIN) 86777
830 #0 - SERIES ADDED ENTRY--UNIFORM TITLE
Uniform title International Federation for Information Processing (Series) ;
Volume/sequential designation 18.
9 (RLIN) 86778
856 42 - ELECTRONIC LOCATION AND ACCESS
Materials specified Publisher description
Uniform Resource Identifier <a href="http://www.loc.gov/catdir/enhancements/fy0821/99030260-d.html">http://www.loc.gov/catdir/enhancements/fy0821/99030260-d.html</a>
856 41 - ELECTRONIC LOCATION AND ACCESS
Materials specified Table of contents only
Uniform Resource Identifier <a href="http://www.loc.gov/catdir/enhancements/fy0821/99030260-t.html">http://www.loc.gov/catdir/enhancements/fy0821/99030260-t.html</a>
906 ## - LOCAL DATA ELEMENT F, LDF (RLIN)
a 7
b cbc
c orignew
d 1
e ocip
f 19
g y-gencatlg
942 ## - ADDED ENTRY ELEMENTS (KOHA)
Source of classification or shelving scheme
Koha item type Book
Holdings
Withdrawn status Lost status Source of classification or shelving scheme Damaged status Not for loan Permanent Location Current Location Shelving location Date acquired Full call number Barcode Date last seen Price effective from Koha item type
          School of Mechanical & Manufacturing Engineering (SMME) School of Mechanical & Manufacturing Engineering (SMME) General Stacks 10/14/2015 671.35 MAC SMME-1491 03/29/2018 10/14/2015 Book
© 2023 Central Library, National University of Sciences and Technology. All Rights Reserved.